01868nam a2200301 a 450000100100000000500170001000800410002704000250006808200200009310000330011324501120014626000360025830000240029449000750031850000420039350000730043550000410050865100670054965000520061670000360066883000800070495201330078495201330091795201330105095201830118395201830136699900170154900002186420210326154637.0100914s1994 dr a r 000 0 spa d aDO-SdBNPbspacBNPHU a972.9385bP762h aPolanco Brito, Hugo E.9792410aHistoria de Salvaleón de Higüey /cHugo Eduardo Polanco Brito ; presentación Ernesto Rivera Cedeño. aSanto Domingo :bTaller,c1994. av. :bil. ;c24 cm.1 aII Fase de Publicaciones de la Academia Dominicana de la HistoriavIII aIncluye índice de nombres y lugares aIncluye referencias bibliográficas y notas al pie de las páginas aLa biblioteca posee el volumén III 4aHigüey (República Dominicana{Rpara}xHistoria Local926822 4aCiudades y puebloszRepública Dominicana97841 aRivera Cedeño, Ernesto945393 0aII Fase de Publicaciones de la Academia Dominicana de la Historian1945394 001054708DSaGRbGRcHDd2010-09-14iLF1l0o972.9385 P762hp21864-30r2020-06-25te. 3w2020-06-25yLFDSZPréstamo en sala 001054708DSaGRbGRcHDd2011-06-15iLF1l0o972.9385 P762hp21864-40r2020-06-25te. 4w2020-06-25yLFDSZPréstamo en sala 001054708DSaGRbGRcHDd2019-06-13iLF1l0o972.9385 P762hp21864-50r2020-06-25te. 5w2020-06-25yLFDSZPréstamo en sala 0010718PDaPDbPDcHDd2010-09-14iLF1l0o972.9385 P762hp21864-10r2020-06-25w2020-06-25yLFPDzPerteneció a la biblioteca personal de Germán Emilio Ornes.ZNo se presta 0010718PDaPDbPDcHDd2010-09-14iLF1l0o972.9385 P762hp21864-20r2020-06-25te. 2w2020-06-25yLFPDzPerteneció a la biblioteca personal de Lourdes Delgado.ZNo se presta c21362d21362